Hrejivé slová neškodia

Bibliographic Details
Main Author: Mitura, Kliment (Author)
Format: Article
Language:Slovak
Subjects:

MARC

LEADER 00000nab a2200000 a 4500
001 vtls001010444
003 SK-MaSNL
005 20260304182140.0
008 040720e20020617xo 0 slo
035 |a RV11044 
040 |a RVGKPD  |b slo  |c RVGKPD  |e AACR2 
041 0 |a slo 
044 |a xo  |c SK 
080 |a 027.53  |2 1981 
100 1 |a Mitura, Kliment  |4 aut  |9 1512942 
245 1 0 |a Hrejivé slová neškodia 
610 2 7 |a Gemerská knižnica Pavla Dobšinského v Rožňave  |2 RVGKPD  |9 33804 
650 0 7 |a čitatelia  |2 RVGKPD  |9 4965 
651 7 |a Rožňava (Slovensko)  |2 RVGKPD  |9 17394 
773 0 8 |t Gemerský denník  |g Roč. 4, č.139, 17.6.2002, s. 2 
852 |a ZVYKNI  |b KIS3GCP 
999 |c 3027828  |d 3029758